| 000 | 01945nam a22001577a 4500 | ||
|---|---|---|---|
| 041 | _aukr | ||
| 080 | _a09 | ||
| 090 | _bСТЕ | ||
| 100 | _aСтецюк І.В. | ||
| 245 | _aІзоморфні та аломорфні особливості мовного етикету в контексті англомовної та німецької мови на основі любовного листування | ||
| 260 |
_aОстрог _bКАФ _c2009 |
||
| 300 | _a45 | ||
| 520 |
_aВСТУП
РОЗДІЛ 1 МОВЛЕННЄВИЙ АСПЕКТ У КУЛЬТУРНОМУ АСПЕКТІ НАЦІЇ
1.1 Соціолінгвістичне та стилістичне середовище функціонування мовного етикету.
1.2 Загальні особливості спеціальних етикетних мовних формул у інтернаціональній комунікації.
РОЗДІЛ 2 АЛОМОРФІЯ ТА ІЗОМОРФІЯ У МІЖКУЛЬТУРНІЙ КОМУНІКАЦІЇ НА ОСНОВІ ПОРІВНЯЛЬНОЇ ХАРАКТЕРИСТИКИ АНГЛІЙСЬКОГО ТА НІМЕЦЬКОГО ЕТИКЕТУ
2.1 Особливості комунікативно-прагматичних типів мовленнєвих актів в англійській мові.
2.2 Специфіка німецького мовного етикету у контрасті з англійським.
2.3 Ізоморфія в зіставленні англійського та німецького етикету.
РОЗДІЛ 3 ПОРІВНЯЛЬНА ХАРАКТЕРИСТИКА МОВНИХ ЕТИКЕТІВ В КОНТЕКСТІ АНГЛІЙСЬКОЇ ТА НІМЕЦЬКОЇ МОВ НА ПРИКЛАДІ ЛЮБОВНОГО ЛИСТУВАННЯ
ВИСНОВКИ _0мовленнєвий етикет, аломорфія, ізоморфія |
||
| 650 | _aResearch Papers | ||
| 999 |
_c284151 _d284151 |
||
| 942 | _cBK | ||